Statistics for Top 10 cities closest to the Prime Meridian

Click here to take the quiz!

General Stats

  • This quiz has been taken 27 times
  • The average score is 6 of 10

Answer Stats

PopulationLongitudeAnswer% Correct
14,040,1630° 7' ELondon
100%
12,532,9012° 21' EParis
87%
21,000,0003° 24' ELagos
70%
4,300,0000° 12' WAccra
61%
5,474,4822° 11' EBarcelona
61%
7,796,9233° 13' EAlgiers
57%
2,638,1271° 33' WLeeds
52%
4,332,6291° 54' WBirmingham
52%
3,287,4602° 14' WManchester
52%
2,522,3830° 23' WValencia
35%

Score Distribution

Percentile by Number Answered

Percent of People with Each Score

Your Score History

You have not taken this quiz